[Event "Geneve op"]
[Site "Geneve"]
[Date "1994.??.??"]
[Round "1"]
[White "Cvitan, Ognjen"]
[Black "Berset, Philippe"]
[Result "1-0"]
[WhiteElo "2570"]
[BlackElo "2235"]

1.Nf3 Nf6 2.c4 e6 3.d4 Bb4+ 4.Bd2 a5 5.Nc3 b6 6.Bg5 Bb7 7.e3 h6 8.Bh4 d6
9.Bd3 Nbd7 10.O-O Bxc3 11.bxc3 g5 12.Bg3 h5 13.h4 gxh4 14.Bxh4 Qe7 15.Nd2 Qf8
16.f3 Qg7 17.Rb1 O-O-O 18.Rf2 Rdg8 19.Qe2 c5 20.e4 e5 21.Nf1 Nh7 22.Ne3 Ng5
23.Nf5 Qf8 24.Kh2 Kb8 25.Bc2 Ka7 26.Ba4 Nf6 27.Qb2 Qd8 28.dxc5 dxc5 29.Rd2 Qc7
30.Rd6 Nfxe4 31.Rxb6 Rb8 32.Rb5  1-0

[Event "Geneve op"]
[Site "Geneve"]
[Date "1994.??.??"]
[Round "1"]
[White "Donrault, Patrick"]
[Black "Masserey, Yvan"]
[Result "0-1"]
[WhiteElo "2050"]
[BlackElo "2315"]

1.d4 Nf6 2.c4 e6 3.Nf3 Bb4+ 4.Bd2 Qe7 5.a3 Bxd2+ 6.Qxd2 d6 7.Nc3 O-O 8.g3 e5
9.Bg2 Re8 10.e3 exd4 11.Nxd4 Nbd7 12.O-O a5 13.b4 Nb6 14.Nd5 Nbxd5 15.cxd5 axb4
16.axb4 Rxa1 17.Rxa1 Qe5 18.Qa2 h5 19.Rc1 h4 20.Rxc7 h3 21.Qc4 b5 22.Nxb5 Ba6
23.Bxh3 Rb8 24.Qc3 Qh5 25.Bf1 Nxd5 26.Qc6 Nxc7 27.Nxc7 Bb7 28.Qb5 Qf3  0-1

[Event "Geneve op"]
[Site "Geneve"]
[Date "1994.??.??"]
[Round "3"]
[White "Cvitan, Ognjen"]
[Black "Masserey, Yvan"]
[Result "1-0"]
[WhiteElo "2570"]
[BlackElo "2315"]

1.Nf3 Nf6 2.c4 e6 3.d4 Bb4+ 4.Bd2 Qe7 5.g3 Nc6 6.Nc3 Bxc3 7.Bxc3 Ne4 8.Rc1 O-O
9.Bg2 d6 10.O-O Nxc3 11.Rxc3 e5 12.d5 Nb8 13.Qc2 a5 14.c5 Na6 15.cxd6 cxd6
16.Nd2 b5 17.Nb3 Nb4 18.Qb1 Qd8 19.e4 Bd7 20.h4 Qb6 21.Nd2 Rac8 22.Rfc1 Na6
23.Rxc8 Rxc8 24.Rxc8+ Bxc8 25.Qf1 Nc5 26.Bh3 Ba6 27.Qe2 Qc7 28.Bf1 b4 29.Qd1 Qc8
30.b3 h6 31.Bxa6 Qxa6 32.Qf1 Qxf1+ 33.Kxf1 Kf8 34.Ke2 a4 35.bxa4 Nxa4 36.Kd3 Nc3
37.a3 Nd1 38.axb4 Nxf2+ 39.Kc4 Ke7 40.b5 Kd7 41.b6 Kc8 42.Kb5 Kb7 43.Nc4 Nxe4
44.Na5+ Kb8 45.Kc6 f5 46.b7 Nf6 47.Kxd6 f4 48.gxf4 exf4 49.Kc6 g5 50.Nb3 Ne4
51.d6 Nxd6 52.Kxd6 Kxb7 53.h5 f3 54.Nc5+ Kb6 55.Ne4 Kb5 56.Kd5 Kb6 57.Nf2  1-0

[Event "Sas van Gent"]
[Site "Gent"]
[Date "1994.??.??"]
[Round "3"]
[White "Goormachtigh, Johan"]
[Black "Kiik, Kalle"]
[Result "1/2-1/2"]
[WhiteElo "2300"]
[BlackElo "2410"]

1.d4 Nf6 2.c4 e6 3.Nf3 Bb4+ 4.Bd2 Qe7 5.g3 Nc6 6.Nc3 d5 7.cxd5 exd5 8.Bg2 O-O
9.O-O Re8 10.e3 Bg4 11.Qb3 Rad8 12.Ne5 Bxc3 13.Bxc3 Bc8 14.Nxc6 bxc6 15.Qa4 Ne4
16.Qxa7 Qd6 17.Ba5 Re7 18.Rac1 Rde8 19.a3 Qh6 20.Bb4 Re6 21.Qxc7 Rf6 22.f4 Bh3
23.Rc2 Bxg2 24.Rxg2 Qh3 25.a4 h5 26.a5 h4 27.Be1 Rc8 28.Qb7 Nd6 29.Qb3 hxg3
30.Rxg3 Qe6 31.Qd3 Nf5 32.Rgf3 Rh6  1/2-1/2

[Event "Sas van Gent"]
[Site "Gent"]
[Date "1994.??.??"]
[Round "5"]
[White "Ilic, Zoran"]
[Black "Kiik, Kalle"]
[Result "0-1"]
[WhiteElo "2390"]
[BlackElo "2410"]

1.d4 Nf6 2.Nf3 e6 3.c4 Bb4+ 4.Bd2 Qe7 5.g3 Nc6 6.Nc3 d5 7.a3 Bxc3 8.Bxc3 O-O
9.Bg2 Rd8 10.O-O Ne4 11.Qc2 a5 12.b3 b6 13.Bb2 Bb7 14.Rac1 Rd7 15.Rfd1 f5
16.e3 Rf8 17.cxd5 exd5 18.Qe2 Qe6 19.Rc2 g5 20.Rdc1 f4 21.exf4 gxf4 22.Nd2 fxg3
23.Nxe4 gxh2+ 24.Kh1 dxe4 25.d5 Rxd5 26.Bxe4 Nd8 27.f3 Rg5 28.Qe3 Rg6 29.Rxh2 Rxf3
30.Rxh7 Kxh7 31.Bxg6+ Qxg6 32.Rxc7+ Rf7+  0-1

[Event "BL2-O9394"]
[Site "Germany"]
[Date "1994.??.??"]
[Round "?"]
[White "Spiess, Gunter"]
[Black "Cordes, Hans Joerg"]
[Result "1-0"]
[WhiteElo "2360"]
[BlackElo "2320"]

1.d4 Nf6 2.c4 e6 3.Nf3 Bb4+ 4.Bd2 a5 5.g3 b6 6.Bg2 O-O 7.O-O Ba6 8.Bg5 Be7
9.Qc2 d5 10.cxd5 Nxd5 11.Bxe7 Qxe7 12.Rd1 c5 13.Nc3 Nxc3 14.bxc3 Ra7 15.e4 cxd4
16.cxd4 Rc8 17.Qb2 Qb4 18.Rab1 Rc3 19.d5 Bd3 20.dxe6 fxe6 21.Ne5 Rd7 22.Qxb4 axb4
23.Nxd7 Bxb1 24.Ne5 Nc6 25.Nxc6  1-0

[Event "BL2-S9394"]
[Site "Germany"]
[Date "1994.??.??"]
[Round "?"]
[White "Beikert, Guenther"]
[Black "Schneider, Bernd"]
[Result "1-0"]
[WhiteElo "2415"]
[BlackElo "2395"]

1.d4 Nf6 2.c4 e6 3.Nf3 Bb4+ 4.Bd2 Qe7 5.g3 O-O 6.Bg2 Nc6 7.O-O Bxd2 8.Qxd2 d6
9.Nc3 e5 10.d5 Nb8 11.e4 a5 12.Ne1 Na6 13.Nd3 Nd7 14.f4 Nac5 15.Nxc5 Nxc5
16.f5 f6 17.h4 b6 18.Rf2 Ba6 19.Bf1 Kh8 20.Be2 g6 21.fxg6 hxg6 22.Qh6+ Qh7
23.Qxh7+ Kxh7 24.Raf1 Kg7 25.Kg2 Rf7 26.g4 Raf8 27.g5 f5 28.exf5 gxf5 29.h5 f4
30.Kf3 Bc8 31.Rg1 Bf5 32.Rh2 Bc2 33.g6 e4+ 34.Kf2 Re7 35.h6+ Kg8 36.g7 e3+
37.Kf3 Rfe8 38.Rg4 Nd7 39.Rxf4 Ne5+ 40.Kg3 Ng6 41.Rf6 Kh7 42.Bh5 Bd3 43.Bxg6+ Bxg6
44.Rf8 Bf7 45.Kf3 e2 46.Nxe2 Re3+ 47.Kg4  1-0

[Event "Oberliga Nord O9394"]
[Site "Germany"]
[Date "1994.??.??"]
[Round "?"]
[White "Panchenko, Alexandar G"]
[Black "Seils, Joerg"]
[Result "1/2-1/2"]
[WhiteElo "2515"]
[BlackElo "2355"]

1.d4 Nf6 2.c4 e6 3.Nf3 Bb4+ 4.Bd2 Qe7 5.g3 O-O 6.Bg2 d5 7.Qb3 a5 8.O-O Nc6
9.a3 Bxd2 10.Nbxd2 Rd8 11.e3 a4 12.Qc2 Bd7 13.h3 Be8 14.Rac1 Ra6 15.Rfd1 Rb8
16.Ne5 h6 17.Kh2 Rc8 18.f4 Na5 19.c5 Bb5 20.Bf1 Qe8 21.g4 Bxf1 22.Rxf1 Qb5
23.Rce1 Nb3 24.Nb1 Ne4 25.Nc3 Nxc3 26.bxc3 f6 27.Ng6 Qe8 28.g5 Nd2 29.Qxd2 Qxg6
30.gxf6 Qxf6 31.Rg1 Re8 32.Rg2 Re7 33.Reg1 Kh7 34.Rg3 Qf5 35.Qg2 Qf8 36.Rg6 b6
37.f5 exf5 38.Qxd5 Ra5 39.Rc6 bxc5 40.Rf1 Rf7 41.e4 Rb5 42.Rf2 Qe7 43.exf5 Qe3
44.Qg2 cxd4 45.cxd4 Qxd4 46.Re6 Rb6 47.Re4 Qd6+ 48.Qg3 Qxg3+ 49.Kxg3 Rb3+
50.Kg4 Rxa3 51.Rff4 c5 52.Rxa4 Rxa4 53.Rxa4 Rb7 54.Ra8 Rc7 55.Kf3 c4 56.Ke2 c3
57.Kd1 c2+ 58.Kc1 h5 59.h4 Rc4 60.Rf8 Rc6 61.Re8 Rc4 62.Rf8 Rxh4 63.Kxc2 Rd4
64.Kc3 Rd6 65.Re8 Rd5 66.Rf8 Kh6 67.Kc4 Rd7 68.f6 gxf6 69.Rxf6+ Kg5 70.Rf8 h4
71.Rg8+ Kf4 72.Rh8 Kg3 73.Rg8+ Kh2 74.Kc3 h3 75.Kc2 Rf7 76.Kd2 Rf3 77.Ke2 Rg3
78.Rf8 Kg2 79.Rf2+ Kh1 80.Rf8 h2 81.Kf1 Rg1+ 82.Kf2 Rb1  1/2-1/2

[Event "BL2-S9394"]
[Site "Germany"]
[Date "1994.??.??"]
[Round "?"]
[White "Schwalfenberg, Joerg"]
[Black "Bach, Edwin"]
[Result "1/2-1/2"]
[WhiteElo "2210"]
[BlackElo "2245"]

1.d4 Nf6 2.c4 e6 3.Nf3 Bb4+ 4.Bd2 Qe7 5.g3 Nc6 6.Bg2 Bxd2+ 7.Nbxd2 d6 8.O-O O-O
9.e4 e5 10.d5 Nb8 11.Ne1 a5 12.Nd3 Na6 13.a3 c6 14.b4 axb4 15.axb4 Bg4 16.f3 Bd7
17.Qb3 Rfc8 18.dxc6 bxc6 19.b5 cxb5 20.cxb5 Rcb8 21.b6 Be6 22.Qb5 Qb7 23.Rfb1 Nd7
24.f4 Qxb6+ 25.Qxb6 Nxb6 26.fxe5 dxe5 27.Nxe5 Nc7 28.Rxa8 Ncxa8 29.Nc6 Re8
30.Nf3 Nd7 31.Nfd4 Nab6 32.Nb5 Nc4 33.Nc7 Rf8 34.Nxe6 fxe6 35.Bh3 Re8 36.Nd4 Nf8
37.Rc1 Ne5 38.Rc5 Nf7 39.Bg4 Nh6 40.Bh3 Nf7 41.Bg4  1/2-1/2

[Event "BL2-S9394"]
[Site "Germany"]
[Date "1994.??.??"]
[Round "?"]
[White "Schwalfenberg, Joerg"]
[Black "Wilde, Pierre"]
[Result "1/2-1/2"]
[WhiteElo "2210"]
[BlackElo "2295"]

1.d4 Nf6 2.c4 e6 3.Nf3 Bb4+ 4.Bd2 Qe7 5.g3 Nc6 6.Bg2 Bxd2+ 7.Nbxd2 d6 8.O-O e5
9.d5 Nb8 10.e4 a5 11.Ne1 h5 12.h4 O-O 13.Nc2 Na6 14.Ne3 Nc5 15.Qc2 c6 16.Nb3 cxd5
17.Nxd5 Nxd5 18.cxd5 Bg4 19.Nxc5 Rfc8 20.Qd2 Rxc5 21.Rac1 Rac8 22.Rxc5 Rxc5
23.Rc1 Qc7 24.Rxc5 Qxc5 25.a3 Kf8 26.b4 axb4 27.axb4 Qc4 28.Qe1 Be2 29.Qd2 f6
30.Qe3 Qb5 31.Qc3 Qc4 32.Qe3 Qb5 33.Qc3 Bc4 34.Bf3 g6 35.Kg2 Kg7 36.Qa3 Qa6
37.Qe3 Qb5 38.Qc3 Kh6 39.Qa3 Qa6 40.Qc1+ Kg7 41.Qe3 Bf1+ 42.Kg1 Bd3 43.Bg2 Qb5
44.f4 Qc4 45.fxe5 fxe5 46.Qg5 Kf7 47.Qd8 Qd4+ 48.Kh2 Bxe4 49.Qd7+ Kg8 50.Qe8+ Kg7
51.Qe7+ Kh6 52.Qg5+  1/2-1/2

[Event "BL2-W9394"]
[Site "Germany"]
[Date "1994.??.??"]
[Round "?"]
[White "Gallo, Jens"]
[Black "Ostermeyer, Peter"]
[Result "0-1"]
[WhiteElo "2240"]
[BlackElo "2390"]

1.d4 Nf6 2.Nf3 e6 3.c4 Bb4+ 4.Bd2 Qe7 5.g3 b6 6.Bg2 Bb7 7.O-O Bxd2 8.Qxd2 O-O
9.Nc3 Ne4 10.Qc2 Nxc3 11.Qxc3 d6 12.Qc2 f5 13.b4 Nd7 14.Rac1 a5 15.a3 axb4
16.axb4 c5 17.bxc5 bxc5 18.d5 exd5 19.Nh4 g6 20.Rb1 Nf6 21.Rb6 Ra7 22.Qb2 Ne4
23.Rb1 Ba8 24.Bxe4 fxe4 25.cxd5 Bxd5 26.Qd2 Qf7 27.e3 Ra2 28.R6b2 g5 29.Ng2 Rxb2
30.Rxb2 Ra8 31.Ne1 h6 32.Qd1 Kh7 33.Qb1 Kg7 34.Rd2 Qe6 35.Qd1 Bb3 36.Rxd6 Bxd1
37.Rxe6 Ra1 38.Kf1 Bf3 39.Rc6 Rc1 40.h4 gxh4 41.gxh4 h5 42.Rc7+ Kf6 43.Rc8 Ke7
44.Rc6 Kd7 45.Ra6 Kc7 46.Ra2 Kc6 47.Rd2 Ra1 48.Rb2 c4 49.Rb4 Kc5 50.Rb8 Bg4
51.Rb7 Bf3 52.Rb8 c3 53.Rc8+ Kb4 54.Rb8+ Ka3 55.Rb7 Bd1 56.f4 exf3 57.Ra7+ Ba4
58.Kf2 Rxe1 59.Kxe1 c2  0-1

[Event "Verbandsliga S9495 Baden"]
[Site "Germany"]
[Date "1994.??.??"]
[Round "?"]
[White "Jost, Claude"]
[Black "Ernst, Rolf"]
[Result "1/2-1/2"]
[WhiteElo "2305"]
[BlackElo "2230"]

1.Nf3 Nf6 2.c4 e6 3.d4 Bb4+ 4.Bd2 Qe7 5.g3 b6 6.Bg2 Bb7 7.O-O O-O 8.Nc3 d6
9.Qc2 Bxc3 10.Bxc3 Be4 11.Qd2 Nbd7 12.Rfd1 Rad8 13.Qe3 Rde8 14.Rac1 Ba8 15.Nd2 Bxg2
16.Kxg2 e5 17.dxe5 Nxe5 18.Bxe5 Qxe5 19.Qxe5 Rxe5 20.e3 Rfe8 21.Nf3 Ra5 22.a3 a6
23.h3 h6 24.Nd4 Kf8 25.Nc6 Ra4 26.Kf3 Nd7 27.Ke2 Ne5 28.Nxe5 Rxe5 29.f4 Rh5
30.h4 Rc5 31.Kd3 d5 32.cxd5 Rxd5+ 33.Ke2 Rxd1 34.Kxd1 c5 35.Ke2 Re4 36.Rd1 Ke7
37.Rd5 Re6 38.Kd3 Rg6 39.a4 a5 40.Kc4 Rxg3 41.Rd3 Rg4 42.Kb5 g5 43.hxg5 hxg5
44.Kxb6 gxf4 45.exf4 Rxf4 46.Kxa5 Rb4 47.Rd5 Ke6 48.Rxc5 Rxb2 49.Ka6 f5 50.a5 f4
51.Ka7 f3 52.Rc3 f2 53.Rf3 Ke5 54.a6 Ke4 55.Rf8 Ke3 56.Ka8 Ke2 57.a7 f1=Q
58.Rxf1 Kxf1  1/2-1/2

[Event "NRW-Liga I 9394"]
[Site "Germany"]
[Date "1994.??.??"]
[Round "?"]
[White "Koch, Wolfgang Max"]
[Black "Matthias, Heiner"]
[Result "1-0"]
[WhiteElo "2285"]
[BlackElo "2320"]

1.d4 Nf6 2.Nf3 e6 3.c4 Bb4+ 4.Bd2 Qe7 5.g3 O-O 6.Nc3 b6 7.Bg2 Bb7 8.O-O d6
9.a3 Bxc3 10.Bxc3 Ne4 11.Qc2 Nxc3 12.Qxc3 Nd7 13.Rfd1 Nf6 14.Rac1 Be4 15.b4 c6
16.Qe3 Rac8 17.c5 bxc5 18.bxc5 d5 19.Ne5 Bf5 20.f3 h6 21.Qb3 Qc7 22.Qa4 Rfd8
23.Rd2 Bh7 24.Rc3 Nd7 25.Nxd7 Qxd7 26.Rb3 Bg6 27.Rdb2 Rc7 28.Rb8 Kh7 29.Rxd8 Qxd8
30.Qb4 Qe7 31.Qc3 Rb7 32.Rxb7 Qxb7 33.Qb4 Qe7 34.Qb8 Qf6 35.Qf4 Qd8 36.Qd2 Qf6
37.e4 e5 38.exd5 exd4 39.Qf4 Qxf4 40.gxf4 Bc2 41.d6 d3 42.Bf1 d2 43.Be2 Bf5
44.Kf2 Kg6 45.Ke3 Kh5 46.Kxd2 Kh4 47.Bf1 g5 48.fxg5 Kxg5 49.Ke3 Bd7 50.Bd3 f6
51.h4+  1-0

[Event "Giessen Feb-IM"]
[Site "Giessen"]
[Date "1994.??.??"]
[Round "11"]
[White "Bruch, Ingo"]
[Black "Adamski, Jan"]
[Result "1/2-1/2"]
[WhiteElo "2295"]
[BlackElo "2415"]

1.d4 Nf6 2.c4 e6 3.Nf3 Bb4+ 4.Bd2 Qe7 5.g3 O-O 6.Bg2 Bxd2+ 7.Qxd2 d6 8.Nc3 e5
9.O-O Bg4 10.Ng5 exd4 11.Qxd4 Nc6 12.Qd3 Qe5 13.Nge4 Nxe4 14.Qxe4 Qh5 15.Rfe1 Rae8
16.Qd3 Re6 17.Qd5 Re5 18.Qd2 Rfe8 19.e4 Bf3 20.Bxf3 Qxf3 21.Re3 Qg4 22.f3 Qc8
23.f4 R5e7 24.Rae1 f5 25.a3 h6 26.b4 Kh8 27.b5 Na5 28.Qd4 fxe4 29.Nxe4 Qd8
30.Kf2 Nxc4 31.Qxc4 d5 32.Qd4 dxe4 33.Qxd8 Rxd8 34.Rxe4 Rd2+ 35.R4e2 Rexe2+
36.Rxe2  1/2-1/2

[Event "Gyongyos op"]
[Site "Gyongyos"]
[Date "1994.??.??"]
[Round "?"]
[White "Kopjonkin, Gennady"]
[Black "Lavrov, Andrey"]
[Result "1/2-1/2"]
[WhiteElo "2390"]
[BlackElo "2355"]

1.d4 Nf6 2.Nf3 e6 3.c4 Bb4+ 4.Bd2 Qe7 5.g3 Nc6 6.Bg2 Bxd2+ 7.Nbxd2 d6 8.O-O a5
9.e4 e5 10.d5 Nb8 11.Ne1 O-O 12.Nd3 Na6 13.a3 Nc5 14.Nxc5 dxc5 15.a4 Ne8
16.Qc2 Nd6 17.Rae1 Bd7 18.b3 Rae8 19.Qc3 b6 20.f4 f6 21.Rf2 Nf7 22.Bf3 Qd6
23.f5 g6 24.Bg4 Nh6 25.Bh3 Kg7 26.Nf1 Rh8 27.Ne3 g5 28.Bf1 Nf7 29.h4 h6 30.Be2 h5
31.Rh2 g4 32.Rf1 Nh6  1/2-1/2

[Event "Hamburg-ch"]
[Site "Hamburg"]
[Date "1994.??.??"]
[Round "4"]
[White "Hegeler, Frank"]
[Black "Reddmann, Hauke"]
[Result "1/2-1/2"]
[WhiteElo "2220"]
[BlackElo "2285"]

1.d4 Nf6 2.c4 e6 3.Nf3 Bb4+ 4.Bd2 a5 5.g3 O-O 6.Bg2 d6 7.O-O Bxd2 8.Qxd2 Nbd7
9.Nc3 Re8 10.e4 e5 11.h3 b6 12.Kh2 Ba6 13.b3 a4 14.Rfe1 axb3 15.axb3 Bb7
16.d5 Qe7 17.b4 Ba6 18.Bf1 Reb8 19.Ra3 Qd8 20.Rea1 Bb7 21.Qb2 Rxa3 22.Rxa3 Ra8
23.Nd2 Ne8 24.h4 Rxa3 25.Qxa3 Qa8 26.Qxa8 Bxa8 27.Bh3 Nb8 28.Bc8 Kf8 29.Kg2  1/2-1/2

[Event "Hania op"]
[Site "Hania"]
[Date "1994.??.??"]
[Round "8"]
[White "Atalik, Suat"]
[Black "Ravia, Mosi"]
[Result "1/2-1/2"]
[WhiteElo "2535"]
[BlackElo "2320"]

1.d4 Nf6 2.c4 e6 3.Nf3 Bb4+ 4.Bd2 Qe7 5.g3 Nc6 6.Nc3 Bxc3 7.Bxc3 Ne4 8.Rc1 d6
9.d5 Nxc3 10.Rxc3 Nb8 11.dxe6 fxe6 12.Nd4 e5 13.Nc2 O-O 14.Bg2 Nd7 15.O-O Nf6
16.Ne3 c6 17.Rd3 Rd8 18.Qd2 Be6 19.Rd1 Ne8 20.Qa5 a6 21.R3d2 Rd7 22.b4 Qd8
23.Qa3 Nf6 24.Qb2 Qc7 25.a4 Rad8 26.b5 axb5 27.axb5 Kh8 28.Qa3 h6 29.bxc6 bxc6
30.Qa6 d5 31.cxd5 Bxd5 32.Bh3 Qa7 33.Qxa7 Rxa7 34.Be6 Re7 35.Bf5 Rb8 36.h4 Reb7
37.g4 g5 38.h5 e4 39.Nxd5 cxd5 40.e3 Rf8 41.Rxd5 Nxd5 42.Rxd5 Rb2 43.Re5 Rf6
44.Kg2 Ra6 45.Rxe4  1/2-1/2

[Event "SWE-ch"]
[Site "Haparanda"]
[Date "1994.??.??"]
[Round "6"]
[White "Engqvist, Thomas"]
[Black "Lindberg, Bengt"]
[Result "1-0"]
[WhiteElo "2440"]
[BlackElo "2315"]

1.d4 Nf6 2.c4 e6 3.Nf3 Bb4+ 4.Bd2 c5 5.a3 Bxd2+ 6.Qxd2 cxd4 7.Nxd4 Nc6 8.Nc3 O-O
9.e3 d5 10.cxd5 exd5 11.Nxc6 bxc6 12.Be2 Rb8 13.O-O c5 14.Rfd1 Be6 15.Na4 Qe7
16.Bf3 Rfd8 17.Qc2 c4 18.Rd2 g6 19.Rad1 Bf5 20.Qc1 Bd3 21.b4 Qe8 22.Nc3 Ne4
23.Ra2 a5 24.Bxe4 dxe4 25.b5 a4 26.Rb2 Rb6 27.Rb4 g5 28.Qb2 Rh6 29.Nxa4 Qe6
30.Nc3 Qe5 31.h3 g4 32.Ne2 Qb8 33.Nf4 g3 34.fxg3 Qb6 35.Kf2 Qc5 36.Qc3 Rhd6
37.a4 h5 38.a5 Qg5 39.a6 Kh7 40.b6 Rg8 41.Re1 Rf6 42.Kg1 Qxg3 43.Rb2 Rxf4
44.exf4 e3 45.b7 Qxf4 46.a7 e2 47.Rbxe2 Bxe2 48.Rxe2 Rg3 49.Qh8+ Kxh8 50.b8=Q+  1-0

[Event "Harkany op"]
[Site "Harkany"]
[Date "1994.??.??"]
[Round "2"]
[White "Chetverik, Maxim"]
[Black "Czebe, Attila"]
[Result "0-1"]
[WhiteElo "2315"]
[BlackElo "2430"]

1.d4 Nf6 2.c4 e6 3.Nf3 Bb4+ 4.Bd2 a5 5.g3 d5 6.Qc2 Nc6 7.Bg2 dxc4 8.Qxc4 Qd5
9.Qxd5 exd5 10.O-O Bg4 11.Be3 a4 12.Rc1 Ra6 13.h3 Bf5 14.g4 Be4 15.Nc3 a3
16.b3 Bxc3 17.Rxc3 Bxf3 18.exf3 Kd7 19.g5 Ne8 20.Rc5 Ra5 21.Rxa5 Nxa5 22.f4 Nd6
23.Bxd5 Nc6 24.Bf3 Nb4 25.d5 Nf5 26.Bc5 Nd3 27.Be4 Nxc5 28.Bxf5+ Kd6 29.b4 Na4
30.Rc1 h6 31.Kg2 hxg5 32.fxg5 Rh4 33.Bg4 Rh8 34.f4 g6 35.f5 gxf5 36.Bxf5 Rh5
37.Be4 Nb6 38.Kg3 Rxg5+ 39.Kf4 Rh5 40.Kg4 Re5 41.Bf3 Nxd5 42.Rd1 c6 43.Rd3 Re3
44.Rxe3 Nxe3+ 45.Kg5 Ke7 46.b5 cxb5 47.Kf4 Nc2 48.Bd5 Nb4 49.Bb3 Nd3+ 50.Ke3 Nc5
51.Bc2 b4 52.Kd4 b6 53.h4 Kf6 54.Kc4 b3 55.Bb1 Ke5 56.h5 f5 57.h6 Kf6 58.Kb4 f4
59.Kxa3 f3 60.h7 Kg7 61.Bf5 f2 62.Bh3 bxa2 63.Kxa2 Kxh7 64.Kb2 Kg6 65.Kc3 Kg5
66.Bf1 Kf4 67.Kd4 Kf3 68.Kd5 Ke3 69.Kc6 Kd2 70.Kxb6 Ke1  0-1

[Event "Hastings op9495"]
[Site "Hastings"]
[Date "1994.??.??"]
[Round "?"]
[White "Arkell, Keith C"]
[Black "Hertan, Charles E"]
[Result "1-0"]
[WhiteElo "2470"]
[BlackElo "2400"]

1.d4 Nf6 2.Nf3 e6 3.c4 Bb4+ 4.Bd2 c5 5.Bxb4 cxb4 6.a3 bxa3 7.Rxa3 O-O 8.Nc3 d5
9.cxd5 Nxd5 10.e3 b6 11.Bc4 Bb7 12.O-O Nb4 13.Na2 N8c6 14.Nxb4 Nxb4 15.Ne5 Qg5
16.g3 Qe7 17.Be2 f6 18.Nd3 Rfc8 19.Nxb4 Qxb4 20.Rb3 Qd6 21.Bf3 Bxf3 22.Qxf3 Rc6
23.Ra1 Qd5 24.Qxd5 exd5 25.Rb5 Rd6 26.Ra6 Kf7 27.Rba5 Rc8 28.Rxa7+ Kg6 29.Rb5 h5
30.Rb7 Rcc6 31.Kg2 Kh6 32.h4 g5 33.hxg5+ fxg5 34.Rb3 Kg6 35.Rc3 Rxc3 36.bxc3 g4
37.Rc7 Kf5 38.Kf1 Kg5 39.Ke2 Kf5 40.Rc8 Kg5 41.c4 dxc4 42.Rxc4 h4 43.gxh4+ Kxh4
44.Rc8 Rd5 45.Rh8+ Kg5 46.Rf8 Rb5 47.Kd3 Rb1 48.d5 b5 49.Kc2 Ra1 50.d6 Ra2+
51.Kc3 Ra3+ 52.Kd4 Ra2 53.Ke4 Rd2 54.Rf5+ Kh4 55.Rd5  1-0

[Event "Havana op"]
[Site "Havana"]
[Date "1994.??.??"]
[Round "3"]
[White "Leyva, Hector"]
[Black "Urday, Henry"]
[Result "0-1"]
[WhiteElo "2300"]
[BlackElo "2450"]

1.d4 Nf6 2.c4 e6 3.Nf3 Bb4+ 4.Bd2 a5 5.g3 b6 6.Bg2 Bb7 7.O-O O-O 8.b3 d5
9.a3 Be7 10.Ne5 c5 11.Bc3 Qc7 12.dxc5 bxc5 13.cxd5 exd5 14.Nd3 d4 15.Bxb7 Qxb7
16.Bd2 a4 17.Bg5 axb3 18.Bxf6 gxf6 19.Nd2 Rc8 20.Nc4 Nc6 21.Qd2 Rab8 22.Rab1 Qd7
23.Rfc1 Bf8 24.Rb2 Re8 25.Rcb1 Qg4 26.Qf4 Qe6 27.Qc1 Qf5 28.Qf4 Qg6 29.Qf3 Ne5
30.Ndxe5 fxe5 31.e4 Qe6 32.Qd3 f5 33.f3 fxe4 34.fxe4 Ra8 35.Rxb3 Ra4 36.Rc1 Bh6
37.Rc2 Rf8 38.Kg2 Qf6 39.Rb6 Qg5 40.h4 Qg7 41.Qb3 Qf7 42.Rxh6 Qf1+ 43.Kh2 Rf2+
44.Rxf2 Qxf2+ 45.Kh3 Qf1+ 46.Kg4 Rxc4 47.Rb6 Qe2+ 48.Kg5 Qe3+ 49.Qxe3 dxe3
50.Kf6 h5 51.Rb8+ Kh7 52.Rb7+ Kg8 53.Rb8+ Kh7 54.Kxe5 Rb4 55.axb4 e2 56.Rb7+ Kg6
57.bxc5  0-1

[Event "Hlohovec op"]
[Site "Hlohovec"]
[Date "1994.??.??"]
[Round "?"]
[White "Zagorskis, Darius"]
[Black "Felix, Vaclav"]
[Result "1-0"]
[WhiteElo "2450"]
[BlackElo "2265"]

1.d4 Nf6 2.c4 e6 3.Nf3 Bb4+ 4.Bd2 Qe7 5.g3 b6 6.Bg2 Bb7 7.O-O Bxd2 8.Qxd2 O-O
9.Nc3 d5 10.cxd5 exd5 11.Rac1 Nbd7 12.Rfd1 Rfd8 13.Nh4 g6 14.Qg5 Kh8 15.Nf3 Nf8
16.Qe5 Ne6 17.Ng5 Kg8 18.Nxe6 fxe6 19.Bh3 c6 20.Qxe6+ Qxe6 21.Bxe6+ Kf8 22.Bh3 Re8
23.e3 Re7 24.Ne2 Ne4 25.Nf4 Rf7 26.Rc2 Ke7 27.Nd3 Raf8 28.f4 Kd6 29.Ne5 Rc7
30.Bg2 Nf6 31.Rdc1 c5 32.b3 Bc8 33.dxc5+ Rxc5 34.b4 Rxc2 35.Rxc2 Bb7 36.Kf2 Rc8
37.Rxc8 Bxc8 38.Ke2 a5 39.a3 Be6 40.Kd3 Ne8 41.Kd4 Nc7 42.Bf1 axb4 43.axb4 Bf5
44.Nf7+ Ke7 45.Nh6 Kd6 46.Nxf5+ gxf5 47.Bd3 Ne6+ 48.Kc3 Ng7 49.Kb3 Kc6 50.Ka4 h6
51.Bb1 Kb7 52.Kb3 Kc6 53.Kc3 Kd6 54.Bd3 Kc6 55.h3 Kd6 56.Be2 Ne6 57.Kd3 Nd8
58.g4 fxg4 59.hxg4 Nc6 60.Kc3 Nd8 61.Bf3 Ne6 62.Kd3 Nd8 63.e4 Ne6 64.e5+  1-0

[Event "HUN-chT 9394"]
[Site "?"]
[Date "1994.??.??"]
[Round "?"]
[White "Orgovan, Sandor"]
[Black "Besztercsenyi, Tibor"]
[Result "1/2-1/2"]
[WhiteElo "2330"]
[BlackElo "2300"]

1.Nf3 Nf6 2.d4 e6 3.c4 Bb4+ 4.Bd2 a5 5.g3 b6 6.Bg2 Bb7 7.O-O O-O 8.Nc3 d5
9.cxd5 exd5 10.Bg5 Be7 11.Ne5 h6 12.Bxf6 Bxf6 13.Qb3 c6 14.f4 b5 15.Rad1 Nd7
16.e4 a4 17.Qc2 Nb6 18.Ng4 b4 19.Ne2 dxe4 20.Bxe4 Nd5 21.Rfe1  1/2-1/2

[Event "HUN-chT 9394"]
[Site "?"]
[Date "1994.??.??"]
[Round "?"]
[White "Lengyel, Levente"]
[Black "Horvath, Tamas"]
[Result "1/2-1/2"]
[WhiteElo "2385"]
[BlackElo "2475"]

1.Nf3 Nf6 2.d4 e6 3.c4 Bb4+ 4.Bd2 Qe7 5.g3 Nc6 6.Bg2 O-O 7.O-O Bxd2 8.Qxd2 d6
9.Nc3 e5 10.d5 Nb8 11.e4 a5 12.Ne1 Na6 13.Nd3 Nd7 14.b3 Ndc5 15.Nxc5  1/2-1/2

[Event "HUN-chT 9394"]
[Site "?"]
[Date "1994.??.??"]
[Round "?"]
[White "Halasz, Tamas"]
[Black "Csom, Istvan"]
[Result "1-0"]
[WhiteElo "2390"]
[BlackElo "2410"]

1.d4 Nf6 2.c4 e6 3.Nf3 Bb4+ 4.Bd2 a5 5.g3 b6 6.Bg2 Bb7 7.O-O O-O 8.Nc3 Ne4
9.Nxe4 Bxe4 10.Bxb4 axb4 11.Qd2 Qe7 12.Rfd1 Ra7 13.d5 Bxf3 14.Bxf3 Na6 15.b3 Rb8
16.a3 exd5 17.axb4 Rba8 18.Ra4 Nb8 19.Rxa7 Rxa7 20.Bxd5 g6 21.b5 d6 22.Qb2 Nd7
23.Rd3 Qf6 24.Qxf6 Nxf6 25.Bc6 Kf8 26.Re3 h6 27.Kg2 Ra2 28.h3 Rb2 29.f4 Rb1
30.Kf2 Rc1 31.Rd3 Rb1 32.e4 Rb2+ 33.Kf3 Ra2 34.h4 h5 35.e5 dxe5 36.fxe5 Ng4
37.Rd8+ Ke7 38.Re8+  1-0

[Event "HUN-chT 9394"]
[Site "?"]
[Date "1994.??.??"]
[Round "?"]
[White "Izsak, Gyula"]
[Black "Horvath, Sandor"]
[Result "1/2-1/2"]
[WhiteElo "2365"]
[BlackElo "2205"]

1.c4 Nf6 2.Nf3 e6 3.d4 Bb4+ 4.Bd2 Qe7 5.Qc2 O-O 6.Nc3 d5 7.e3 Bxc3 8.Bxc3 Nbd7
9.Bd3 dxc4 10.Bxc4 Nb6 11.Bd3 Nbd5 12.O-O Nxc3 13.Qxc3 Nd5 14.Qc1 f6 15.Rd1 c6
16.e4 Nb6 17.Qc3 Bd7 18.Rac1 Be8 19.Nd2 Bf7 20.Nc4 Nxc4 21.Bxc4 Rfd8 22.Rd3 Rd7
23.Rcd1 Rad8 24.h3 h6 25.b4 a6 26.a3 e5 27.Bxf7+ Qxf7 28.dxe5 Rxd3 29.Rxd3 Rxd3
30.Qxd3 fxe5 31.Qd6 Qf4 32.Qb8+ Kh7 33.Qxb7 Qc1+ 34.Kh2  1/2-1/2

[Event "HUN-chT 9394"]
[Site "?"]
[Date "1994.??.??"]
[Round "?"]
[White "Karolyi, Tibor Jr"]
[Black "Tompa, Janos"]
[Result "1/2-1/2"]
[WhiteElo "2395"]
[BlackElo "2640"]

1.d4 Nf6 2.c4 e6 3.Nf3 Bb4+ 4.Bd2 Qe7 5.Nc3 b6 6.e3 Bb7 7.Be2 O-O 8.O-O Bxc3
9.Bxc3 Ne4 10.Rc1 d6 11.Nd2 Nd7 12.Nxe4 Bxe4 13.f3 Bg6 14.b4 c5  1/2-1/2

[Event "HUN-chT 9394"]
[Site "?"]
[Date "1994.??.??"]
[Round "?"]
[White "Izsak, Gyula"]
[Black "Rigo, Janos"]
[Result "1-0"]
[WhiteElo "2365"]
[BlackElo "2340"]

1.c4 Nf6 2.Nf3 e6 3.d4 Bb4+ 4.Bd2 Be7 5.Bg5 Ne4 6.Bxe7 Qxe7 7.Nbd2 f5 8.e3 b6
9.Bd3 Bb7 10.O-O O-O 11.Qc2 Nxd2 12.Nxd2 Rf6 13.f3 c5 14.Rae1 Nc6 15.Qc3 Rh6
16.g3 cxd4 17.exd4 f4 18.g4 Nb4 19.Be4 Bxe4 20.Nxe4 Rc8 21.Qb3 Nc6 22.Qd1 Qb4
23.Rf2 Nxd4 24.a3 Qa5 25.Nd6 Rc6 26.b4 Qxa3 27.Qxd4 Qxb4 28.Rd1 e5 29.Qd5+ Re6
30.Ne4 Qe7 31.Qxd7 Rxc4 32.Qxe7 Rxe7 33.Rd8+  1-0

[Event "HUN-chT2 9394"]
[Site "?"]
[Date "1994.??.??"]
[Round "?"]
[White "Pasztor, Ferenc"]
[Black "Kovacs, G."]
[Result "1/2-1/2"]
[WhiteElo "2250"]
[BlackElo "2190"]

1.d4 Nf6 2.c4 e6 3.Nf3 Bb4+ 4.Bd2 a5 5.g3 d6 6.Bg2 Nbd7 7.O-O e5 8.Bxb4 axb4
9.Qd2 exd4 10.Nxd4 Ne5 11.b3 O-O 12.Rd1 Ra6 13.Nc2 c5 14.a3 bxa3 15.Rxa3 Qb6
16.Rxa6 bxa6 17.Qc3 Be6 18.Nd2 Rb8 19.Ra1 Nc6 20.e4 Ne8 21.h3 Nc7 22.Kh2 f6
23.f4 Bf7 24.Ne3 Nd4 25.Rb1 Qb4 26.Qd3 Re8 27.Nf5 Nxf5 28.exf5 Qb6 29.g4 Re7
30.Rg1 d5 31.cxd5 Qd6 32.Nc4 Qxf4+ 33.Kh1 Rd7 34.Nb6 Rd6 35.Nc8 Rd8 36.Ne7+ Kf8
37.Re1 Rd7 38.Qc3 Qd4 39.Qxd4 cxd4 40.Nc6 Bxd5 41.Bxd5 Rxd5 42.Kg2 Rd6 43.Nb4 Rb6
44.Rc1 Nb5 45.Rc6 Rb7 46.Rxa6 Nc3 47.Nc6 Rd7 48.Ra8+ Kf7 49.Nd8+ Ke7 50.Nc6+ Kf7
51.Nd8+ Ke7 52.Nc6+ Kf7 53.Nd8+ Ke7 54.Nc6+ Kf7 55.Nd8+ Ke7 56.Nc6+  1/2-1/2

[Event "HUN-chT2 9394"]
[Site "?"]
[Date "1994.??.??"]
[Round "?"]
[White "Somlo, Bela"]
[Black "Palko, Gabriella"]
[Result "0-1"]
[WhiteElo "2140"]
[BlackElo "2055"]

1.d4 Nf6 2.Nf3 e6 3.c4 Bb4+ 4.Bd2 a5 5.a3 Bxd2+ 6.Qxd2 d6 7.Nc3 Qe7 8.e3 O-O
9.Qc2 c6 10.Be2 e5 11.O-O e4 12.Nd2 Bf5 13.Rfe1 Na6 14.Qb3 Rfd8 15.f3 d5
16.cxd5 cxd5 17.fxe4 dxe4 18.Qb5 Bg6 19.Qxa5 Nc7 20.Qg5 Ncd5 21.Rac1 Nxc3
22.Rxc3 h6 23.Qg3 Nd5 24.Rc2 h5 25.Rec1 h4 26.Qf2 Qg5 27.Nf1 Rd6 28.Bc4 Rf6
29.Qe2 Ne7 30.Bb3 Bh5 31.Qd2 Rg6 32.Rc5 Nf5 33.Bd1 Bf3 34.Bxf3 exf3 35.g3 hxg3
36.hxg3 Qg4 37.Qf2 Nxg3 38.Nxg3 Qh3 39.Rc8+ Rxc8 40.Rxc8+ Qxc8 41.Qxf3 Qh3  0-1